| 000 | 00524cam a2200205ua 4500 | ||
|---|---|---|---|
| 020 | _c13.00 | ||
| 041 |
_amal _h |
||
| 082 |
_a338.634 _bBED/MO |
||
| 100 | _aBedekkar, C H . | ||
| 245 |
_aModern kutilvyavasayangal / _cC H Bedekkar. _hTextual Documents |
||
| 250 |
_a1 / _b. |
||
| 260 |
_aNew Delhi : _bA Dewan Chand Anand & Sons , _c1961. |
||
| 300 | _a876 ; . | ||
| 365 | _a13.00 | ||
| 504 | _a | ||
| 700 | 1 | _aMalhotra, Brijmohan . | |
| 700 | 1 | _aSooth, Jagan Nath . | |
| 942 | _cBK | ||
| 999 |
_c4660 _d4660 |
||